|
|
|
|
| LEADER |
007350000a22002290004500 |
| 020 |
|
|
|a 979-81-7748-061-9
|
| 082 |
|
|
|a 891.209 P3
|
| 100 |
|
|
|a Ramankutty, P V; Author
|
| 245 |
|
|
|a Peeps and perceptions
|
| 250 |
|
|
|
| 260 |
|
|
|a Thenjippalam, University of Calicut
|
| 260 |
|
|
|c 2003
|
| 460 |
|
|
|a 98p
|
| 465 |
|
|
|a Rs.100.00
|
| 490 |
|
|
|a Calicut University Sanskrit series
|c 20
|
| 500 |
|
|
|a Includes bibliographical references
|
| 500 |
|
|
|a P V Ramankutty
|
| 650 |
|
|
|a Dramatists, Sanskrit-Kerala
|
| 650 |
|
|
|a Sanskrit literature-History and criticism
|
| 942 |
|
|
|c BK
|
| 999 |
|
|
|c 45286
|d 45286
|
| 952 |
|
|
|0 0
|1 0
|4 0
|6 891_209000000000000_P3
|7 0
|8 ENG
|9 46008
|a MGUL
|b MGUL
|d 2013-07-16
|e Rs.100.00
|l 0
|o 891.209 P3
|p 43640
|r 2013-07-16
|w 2013-07-16
|y BK
|